<?xml version="1.0" encoding="UTF-8"?>
<collection xmlns="http://www.loc.gov/MARC21/slim">
 <record>
  <leader>00501pamaa2200145   4500</leader>
  <controlfield tag="001">0000023644</controlfield>
  <controlfield tag="005">20061127090000.0</controlfield>
  <datafield tag="020" ind1="0" ind2="0">
   <subfield code="a">0394540859 </subfield>
  </datafield>
  <datafield tag="090" ind1="0" ind2="0">
   <subfield code="a">PR5523.A425 </subfield>
   <subfield code="b">SYM 1984</subfield>
  </datafield>
  <datafield tag="245" ind1="0" ind2="4">
   <subfield code="a">The memoirs of John Addington Symonds  </subfield>
   <subfield code="c">edited and introduced by Phyllis Grosskurth.</subfield>
  </datafield>
  <datafield tag="260" ind1="0" ind2="0">
   <subfield code="a">New York: </subfield>
   <subfield code="b">Random House, </subfield>
   <subfield code="c">1984.</subfield>
  </datafield>
  <datafield tag="300" ind1=" " ind2=" ">
   <subfield code="a">319p.; </subfield>
   <subfield code="c">24cm.</subfield>
  </datafield>
  <datafield tag="650" ind1="0" ind2="0">
   <subfield code="a">Symonds, John Addington, 1840-1893 -- </subfield>
   <subfield code="x">Biography </subfield>
  </datafield>
  <datafield tag="650" ind1="0" ind2="0">
   <subfield code="a">Authors, English -- </subfield>
   <subfield code="x">Biography -- </subfield>
   <subfield code="y">19th century </subfield>
  </datafield>
  <datafield tag="700" ind1="1" ind2="1">
   <subfield code="a">Grosskurth, </subfield>
   <subfield code="h">Phyllis </subfield>
  </datafield>
 </record>
</collection>
